Devinez la Capitale Mystère #49 - Statistiques

Statistiques générales
  • Ce quiz a été pris 163 fois
  • Le résultat moyen est 30 sur 34
Statistiques - réponses
Type de Réponse Réponse % Correct
Lettre de l'Alphabet R
100%
Lettre de l'Alphabet E
99%
Lettre Trouvée N
99%
Lettre de l'Alphabet O
99%
Lettre Bien Placée A
98%
Lettre Trouvée A
98%
Lettre Trouvée I
98%
Lettre Trouvée L
98%
Lettre de l'Alphabet S
98%
Lettre de l'Alphabet P
97%
Lettre de l'Alphabet B
96%
Lettre de l'Alphabet D
96%
Lettre de l'Alphabet M
96%
Lettre Trouvée T
94%
Lettre Bien Placée I
93%
Lettre de l'Alphabet G
92%
Lettre de l'Alphabet U
90%
Lettre de l'Alphabet C
89%
Lettre de l'Alphabet K
89%
Lettre de l'Alphabet H
88%
Lettre de l'Alphabet W
87%
Lettre Bien Placée N
86%
Lettre Bien Placée T
84%
Lettre Bien Placée L
83%
Lettre de l'Alphabet V
82%
Lettre de l'Alphabet Y
82%
Lettre Bien Placée N
81%
Lettre de l'Alphabet X
81%
Lettre Bien Placée L
79%
Lettre de l'Alphabet Q
79%
Lettre de l'Alphabet J
78%
Lettre de l'Alphabet Z
78%
Lettre de l'Alphabet F
77%
Capitale Mystère Tallinn
76%
Aucun quiz correspondant
Distribution des résultats
% des personnes avec chaque résultat
Percentile par nombre de réponses
Votre historique - résultats
Vous n’avez pas pris ce quiz